000 00545nam a22001697a 4500
001 TVUNI
005 20260126014632.0
008 221102s2005 vm vie d
020 _c165000
040 _aTVUNI
_eAACR2
041 0 _avie
245 1 0 _aHướng dẫn thực hành hệ thống tài khoản kế toán doang nghiệp :
_bTheo các chuẩn mực và chế độ kế toán( thực hiện từ 30/3/2005)
260 _aHà Nội :
_bTài Chính,
_c2005
300 _a759 tr. ;
_c27 cm.
942 _2ddc
_cBK
999 _c1988
_d1988
912 _a1
_bHiển Phạm